Normal view
MARC view
- Bottero, Jean-Yves
Entry Personal Name
001 - CONTROL NUMBER
- control field: 25932
003 - CONTROL NUMBER IDENTIFIER
- control field: IN-BhIIT
005 - DATE AND TIME OF LATEST TRANSACTION
- control field: 20250328170715.0
008 - FIXED-LENGTH DATA ELEMENTS
- fixed length control field: 250328|| aca||aabn | a|a d
040 ## - CATALOGING SOURCE
- Original cataloging agency: IN-BhIIT
- Transcribing agency: IN-BhIIT
100 ## - HEADING--PERSONAL NAME
- Personal name: Bottero, Jean-Yves
670 ## - SOURCE DATA FOUND
- Source citation: Work cat.: (IN-BhIIT)14951: Environmental nanotechnology :, 2017.